书目信息 |
| 题名: |
基因 VIII
|
|
| 作者: | 卢因, 编著 ;余龙 , 江松敏 , 赵寿元 主译 | |
| 分册: | ||
| 出版信息: | 北京 科学出版社 2005.02 |
|
| 页数: | 1150页 | |
| 开本: | 26cm | |
| 丛书名: | ||
| 单 册: | ||
| 中图分类: | Q75 | |
| 科图分类: | ||
| 主题词: | 分子遗传学 | |
| 电子资源: | ||
| ISBN: | 7-03-014597-6 | |
| 000 | 01108nam0 2200289 450 | |
| 001 | 0148389404 | |
| 005 | 20051130160350.22 | |
| 010 | @a7-03-014597-6@dCNY198.00 | |
| 100 | @a20050318d2005 km y0chiy0120 ea | |
| 101 | 1 | @achi@ceng |
| 102 | @aCN@b110000 | |
| 105 | @aa a 001yy | |
| 200 | 1 | @a基因 VIII@Aji yin VIII@d= Genes VIII@f(美) 本杰明·卢因编著@F(mei)ben jie ming·lu yin bian zhu@g余龙, 江松敏, 赵寿元主译@Gyu long,jiang song min,zhao shou yuan zhu yi@zeng |
| 210 | @a北京@c科学出版社@d2005.02 | |
| 215 | @a1150页@c彩图@d26cm | |
| 300 | @a生命科学专著 | |
| 320 | @a有书目和索引。 | |
| 330 | @a书系统介绍了基因的结构、组织与表达,蛋白质与细胞的分子活动等内容。全书首先是对章节进行新的编排,以对基因组的组织、DNA复制、修复、重组、转录、翻译、基因调控等内容进行了全面的更新。 | |
| 510 | 1 | @a Genes VIII@zeng |
| 606 | 0 | @a分子遗传学 |
| 690 | @aQ75@v4 | |
| 701 | 1 | @a卢因,@Alu yin,@bB.@g(Lewin, B.)@4编著 |
| 702 | 0 | @a余龙@Ayu long@4主译 |
| 702 | 0 | @a江松敏@Ajiang song min@4主译 |
| 702 | 0 | @a赵寿元@Azhao shou yuan@4主译 |
| 801 | 0 | @aCN@bQSSK@c20051130 |
| 905 | @a10447@dQ75@eL795 | |
| 基因 VIII= Genes VIII/(美) 本杰明·卢因编著/余龙, 江松敏, 赵寿元主译.-北京:科学出版社,2005.02 |
| 1150页:彩图;26cm |
| 生命科学专著 |
| ISBN 7-03-014597-6:CNY198.00 |
| 书系统介绍了基因的结构、组织与表达,蛋白质与细胞的分子活动等内容。全书首先是对章节进行新的编排,以对基因组的组织、DNA复制、修复、重组、转录、翻译、基因调控等内容进行了全面的更新。 |
| ● |
| 相关链接 |
|
|
|
正题名:基因 VIII
索取号:Q75/L795
 
预约/预借
| 序号 | 登录号 | 条形码 | 馆藏地/架位号 | 状态 | 备注 |
| 1 | 576348 | 205763486 | 自科库401/401自科库 31排1列5层/ [索取号:Q75/L795] | 在馆 |